000 00281nam a22001217a 4500
020 _a0131418831
100 _aPaul M. Fishbane
245 _aPhysics for Scientists and Engineers
250 _a3rd ed
260 _aUSA
_bPearson Prentica Hall
_c2005
300 _a607
942 _cBK
999 _c251134
_d251134